Pozícia strednej a východnej Európy v globálnych tokoch priamych zahraničných investícií-nové trendy

Saved in:
Bibliographic Details
Main Author: Vážan, Marek
Other Authors: Krajčík, Daniel, 1981-
Format: Book Chapter
Language:Slovak
Tags: Add Tag
No Tags, Be the first to tag this record!

MARC

LEADER 00000naa$a2200000$$$4500
001 0062658
005 20240502071717.1
041 0 |a slo 
044 |a SK 
245 1 0 |a Pozícia strednej a východnej Európy v globálnych tokoch priamych zahraničných investícií-nové trendy  |c Marek Vážan, Daniel Krajčík 
100 1 |a Vážan, Marek 
700 1 |a Krajčík, Daniel, 1981-